[Event "Joao Pessoa op 5th"]
[Site "Joao Pessoa"]
[Date "2014.03.16"]
[Round "5"]
[White "Rezende, Guilherme Vilela"]
[Black "Lemos, Doriedson"]
[Result "1-0"]
[WhiteElo "2110"]
[BlackElo "2004"]
[PlyCount "87"]
[EventDate "2014.03.14"]
[EventType "swiss"]
[EventRounds "6"]
[EventCountry "BRA"]
[SourceTitle "CBM 159 Extra"]
[Source "ChessBase"]
[SourceDate "2014.04.24"]
[SourceVersion "1"]
[SourceVersionDate "2014.04.24"]
[SourceQuality "1"]

1. d4 d5 2. c4 c6 3. cxd5 cxd5 4. Bf4 Nf6 5. Nc3 Nc6 6. e3 a6 7. Bd3 g6 8. Rc1 Bg7 9. h3 0-0 10. Nf3 Bd7 11. 0-0 b5 12. a4 b4 13. Na2 Qb6 14. Rc5 Rfc8 15. Qb3 Be6 16. Rfc1 Nd7 17. R5c2 h6 18. Nd2 Nf6 19. a5 Qb7 20. Ra1 Kh7 21. Nc1 Bf8 22. Qa2 Na7 23. Ncb3 Rxc2 24. Bxc2 Nd7 25. Bd3 Rc8 26. Qb1 Nb5 27. Qf1 Rc6 28. Nf3 Nd6 29. Bxd6 Rxd6 30. Rc1 Bg7 31. Qe2 Nb8 32. Nc5 Qc7 33. Qd2 Qxa5 34. Nb7 Qb6 35. Nxd6 Qxd6 36. Qc2 Nd7 37. Qc6 Qb8 38. Qxa6 Nb6 39. Qb5 Qd6 40. Rc6 Bd7 41. Rxd6 Bxb5 42. Rxb6 Bxd3 43. Rxb4 Bf8 44. Ne5 1-0

[Event "Joao Pessoa op 5th"]
[Site "Joao Pessoa"]
[Date "2014.03.15"]
[Round "4"]
[White "Rezende, Guilherme Vilela"]
[Black "Cilento, Lucas Geraldo"]
[Result "1-0"]
[WhiteElo "2110"]
[BlackElo "1847"]
[PlyCount "45"]
[EventDate "2014.03.14"]
[EventType "swiss"]
[EventRounds "6"]
[EventCountry "BRA"]
[SourceTitle "CBM 159 Extra"]
[Source "ChessBase"]
[SourceDate "2014.04.24"]
[SourceVersion "1"]
[SourceVersionDate "2014.04.24"]
[SourceQuality "1"]

1. d4 e6 2. c4 f5 3. Nf3 Nf6 4. g3 d5 5. Bg2 c6 6. 0-0 Bd6 7. Qb3 0-0 8. Nc3 Nbd7 9. Be3 Ng4 10. cxd5 Nxe3 11. dxe6 Nd5 12. exd7 Qxd7 13. Nxd5 cxd5 14. Qxd5+ Kh8 15. Ne5 Qe7 16. Rac1 Be6 17. Qa5 b6 18. Qa4 Rad8 19. Nc6 Bd7 20. Qxa7 Bxc6 21. Qxe7 Bxe7 22. Rxc6 Rxd4 23. Rxb6 1-0

[Event "Pocos de Caldas op"]
[Site "Pocos de Caldas"]
[Date "2014.02.16"]
[Round "5"]
[White "Caporale, Giuseppe Guido"]
[Black "Rezende, Guilherme Vilela"]
[Result "0-1"]
[WhiteElo "1728"]
[BlackElo "2123"]
[PlyCount "84"]
[EventDate "2014.02.14"]
[EventType "swiss"]
[EventRounds "6"]
[EventCountry "BRA"]
[SourceTitle "CBM 158 Extra"]
[Source "ChessBase"]
[SourceDate "2014.02.28"]
[SourceVersion "1"]
[SourceVersionDate "2014.02.28"]
[SourceQuality "1"]

1. e4 c5 2. c3 Nf6 3. e5 Nd5 4. d4 cxd4 5. Nf3 e6 6. cxd4 d6 7. Bc4 Be7 8. 0-0 Bd7 9. Bd2 Bc6 10. Na3 a6 11. Nc2 Nd7 12. Nb4 Nxb4 13. Bxb4 dxe5 14. Bxe7 Qxe7 15. d5 exd5 16. Bxd5 0-0 17. Bxc6 bxc6 18. Re1 Rab8 19. Qe2 Qe6 20. b3 c5 21. Rac1 f6 22. Nd2 Rfc8 23. f4 Qd5 24. Nf3 Re8 25. Rcd1 Qe6 26. fxe5 Nxe5 27. Kh1 Rbd8 28. Rxd8 Rxd8 29. h3 Rd5 30. Nd2 Qd7 31. Nc4 Qe6 32. Qf1 g6 33. Ne3 Rd2 34. Ng4 Kg7 35. Qf4 Rd5 36. Qh6+ Kg8 37. Qf4 Nxg4 38. Qb8+ Kg7 39. Qc7+ Kh6 40. Qf4+ g5 41. Qg3 Qxe1+ 42. Qxe1 Rd1 0-1